000 00705cam a22002294a 4500
020 _a0679435972 (alk. paper)
041 _aENG
082 0 0 _a200.9
_bARM
100 1 _aArmstrong, Karen,
245 1 4 _aThe battle for God
250 _a1st ed.
260 _aNew York :
_bAlfred A. Knopf,
_c2000.
300 _axvi, 442 p. ;
650 0 _aReligious fundamentalism.
650 0 _aOrthodox Judaism
650 0 _aIslamic fundamentalism
650 0 _aFundamentalism
856 4 2 _uhttp://www.loc.gov/catdir/bios/random059/99034022.html
856 4 1 _uhttp://www.loc.gov/catdir/samples/random041/99034022.html
856 4 2 _uhttp://www.loc.gov/catdir/description/random041/99034022.html
942 _cBK
999 _c23388
_d23388